[Event "40th Olympiad Women"]
[Site "Istanbul TUR"]
[Date "2012.09.09"]
[Round "11.10"]
[Board "2"]
[White "Mammadova, Gulnar"]
[Black "Sharevich, Anna"]
[Result "0-1"]
[WhiteTitle "WGM"]
[BlackTitle "WGM"]
[WhiteElo "2324"]
[BlackElo "2261"]
[WhiteTeam "Azerbaijan"]
[BlackTeam "Belarus"]
[WhiteFideId "13403508"]
[BlackFideId "13503189"]
[EventDate "2012.08.28"]

1. e4 c5 2. Nf3 e6 3. b3 a6 4. Bb2 Nc6 5. c4 Qc7 6. Nc3 Nf6 7. g3 Rb8 8. Bg2 b5
9. d3 Nd4 10. O-O Be7 11. cxb5 axb5 12. Rc1 Nxf3+ 13. Bxf3 b4 14. Na4 Ba6 15.
Re1 e5 16. d4 d6 17. Qd2 h6 18. dxe5 dxe5 19. Qe3 c4 20. bxc4 Qa5 21. Qa7 O-O
22. Qxe7 Rfe8 23. Qc5 Qxa4 24. Bd1 Qxa2 25. Re2 Rbc8 26. Qe3 Bb7 27. Bb3 Qa5 28.
f3 Nd7 29. Ra1 Qc5 30. Kf2 Qxe3+ 31. Rxe3 Nc5 32. Ra5 f6 33. Rb5 Red8 34. Bc2 b3
35. Bxb3 Ba6 36. Rb6 Rb8 37. Rxa6 Rd2+ 38. Ke1 Rxb2 39. Ra7 Nxb3 40. h4 Nd4 41.
Kf1 Rc2 42. Ra1 Rbb2 0-1

[Event "40th Olympiad Women"]
[Site "Istanbul TUR"]
[Date "2012.09.09"]
[Round "11.10"]
[Board "3"]
[White "Stetsko, Lanita"]
[Black "Mamedjarova, Turkan"]
[Result "1/2-1/2"]
[WhiteTitle "FM"]
[BlackTitle "WGM"]
[WhiteElo "2130"]
[BlackElo "2245"]
[WhiteTeam "Belarus"]
[BlackTeam "Azerbaijan"]
[WhiteFideId "13505300"]
[BlackFideId "13402005"]
[EventDate "2012.08.28"]

1. e4 e5 2. Nf3 Nc6 3. Bb5 Nd4 4. Nxd4 exd4 5. O-O Bc5 6. d3 c6 7. Bc4 d6 8. c3
Qf6 9. b4 Bb6 10. Bb2 Ne7 11. Qb3 O-O 12. cxd4 Bxd4 13. Bxd4 Qxd4 14. Qc3 Qb6
15. Nd2 Bg4 16. Rfe1 Rac8 17. Re3 Ng6 18. Rg3 Bd7 19. Nf3 d5 20. Bb3 Be6 21. Rc1
Rcd8 22. h4 dxe4 23. dxe4 Bxb3 24. axb3 f6 25. Re1 Ne5 26. Re3 Rd1+ 27. Kh2
Nxf3+ 28. Rexf3 Qd4 29. Rd3 Rxd3 30. Qxd3 Qxb4 31. Qd7 Rf7 32. Qc8+ Qf8 33. Qf5
g6 34. Qf4 Qc5 35. Qh6 Qe5 36. Qe3 Re7 37. f3 Rd7 38. Qxa7 Qf4 39. Qa8+ Kg7 40.
h5 g5 41. Qe8 Rc7 42. e5 Qxe5 43. Qxe5 fxe5 44. Rxg5+ Kf6 45. Rg8 c5 1/2-1/2

[Event "40th Olympiad Women"]
[Site "Istanbul TUR"]
[Date "2012.09.09"]
[Round "11.10"]
[Board "4"]
[White "Umudova, Nargiz"]
[Black "Nevioselaya, Maria"]
[Result "1-0"]
[WhiteTitle "WIM"]
[WhiteElo "2208"]
[BlackElo "2057"]
[WhiteTeam "Azerbaijan"]
[BlackTeam "Belarus"]
[WhiteFideId "13402137"]
[BlackFideId "13502280"]
[EventDate "2012.08.28"]

1. e4 e5 2. Nf3 Nc6 3. Bb5 a6 4. Ba4 Nf6 5. O-O Be7 6. Re1 b5 7. Bb3 d6 8. a4
Bb7 9. c3 O-O 10. d4 h6 11. Nbd2 Re8 12. Nf1 Bf8 13. Ng3 Na5 14. Bc2 exd4 15.
cxd4 c5 16. d5 g6 17. axb5 axb5 18. b3 Bg7 19. Bb2 Nd7 20. Bxg7 Kxg7 21. Qd2 b4
22. Qf4 Qf6 23. Qg4 Qd8 24. Nf5+ Kf8 25. Nxd6 Nf6 26. Qf4 g5 27. Qg3 Re7 28. Nf5
Rd7 29. Nxh6 Nh7 30. e5 Kg7 31. Nf5+ Kh8 32. e6 fxe6 33. dxe6 Rd5 34. e7 Qg8 35.
Rxa5 1-0

[Event "40th Olympiad Women"]
[Site "Istanbul TUR"]
[Date "2012.09.09"]
[Round "11.11"]
[Board "1"]
[White "Sedina, Elena"]
[Black "Munguntuul, Batkhuyag"]
[Result "0-1"]
[WhiteTitle "IM"]
[BlackTitle "IM"]
[WhiteElo "2338"]
[BlackElo "2434"]
[WhiteTeam "Italy"]
[BlackTeam "Mongolia"]
[WhiteFideId "812153"]
[BlackFideId "4900758"]
[EventDate "2012.08.28"]

1. e4 c5 2. Nf3 e6 3. d3 d5 4. Qe2 Nc6 5. g3 Nf6 6. Bg2 Be7 7. O-O O-O 8. e5 Nd7
9. c4 d4 10. h4 Rb8 11. Bf4 b5 12. cxb5 Rxb5 13. Na3 Rb8 14. Ng5 Bb7 15. Nc4 h6
16. Ne4 Nb4 17. a3 Nd5 18. Bd2 N7b6 19. Ncd6 Bxd6 20. Nxd6 f5 21. Qh5 Nc8 22.
Nxb7 Rxb7 23. Bxh6 gxh6 24. Qg6+ Kh8 25. Qxh6+ Rh7 26. Qxe6 Nf4 27. gxf4 Qxh4
28. Rfc1 Rh6 29. Qd5 Ne7 30. Qf3 Ng6 31. Qg3 Nxf4 32. Qxh4 Rxh4 33. Rc2 Rg8 34.
f3 Nxd3 35. Rd1 Nf4 36. Rdd2 d3 37. Rxc5 Ne2+ 38. Kf2 Rh2 39. Rxd3 Nf4 40. Rd6
Rhxg2+ 41. Ke3 Ng6 42. b4 Re8 43. e6 f4+ 44. Kd3 Kg7 45. Rf5 Rf2 46. Rf7+ Kg8
47. Rxa7 Rxf3+ 48. Ke4 Re3+ 49. Kf5 f3 50. Kxg6 R3xe6+ 51. Rxe6 Rxe6+ 52. Kf5
Re1 53. Kg6 Rg1+ 54. Kf6 f2 55. Ra8+ Kh7 56. Ke5 0-1

[Event "40th Olympiad Women"]
[Site "Istanbul TUR"]
[Date "2012.09.09"]
[Round "11.11"]
[Board "2"]
[White "Batchimeg, Tuvshintugs"]
[Black "Zimina, Olga"]
[Result "1-0"]
[WhiteTitle "WGM"]
[BlackTitle "IM"]
[WhiteElo "2311"]
[BlackElo "2327"]
[WhiteTeam "Mongolia"]
[BlackTeam "Italy"]
[WhiteFideId "4900839"]
[BlackFideId "4132190"]
[EventDate "2012.08.28"]

1. d4 d5 2. c4 c6 3. Nf3 Nf6 4. Nc3 a6 5. a4 e6 6. Bg5 a5 7. e3 Be7 8. Be2 O-O
9. O-O Na6 10. Rc1 Nb4 11. Ne5 Ne8 12. Bxe7 Qxe7 13. e4 Nc7 14. Re1 dxc4 15.
Nxc4 Rd8 16. Nb6 Rb8 17. Qd2 e5 18. d5 Ne6 19. Bc4 Nf4 20. Qe3 Bd7 21. g3 Ng6
22. Red1 Be8 23. Rd2 Nf8 24. Rcd1 Nd7 25. Nxd7 Rxd7 26. d6 Qf6 27. Qa7 Qd8 28.
Qc5 b6 29. Qxe5 Qf6 30. Qh5 Qg6 31. Qxg6 hxg6 32. e5 Kf8 33. e6 fxe6 34. Bxe6
Rdd8 35. Rd4 g5 36. Ne4 Nd5 37. b3 Bg6 38. Nxg5 Rxd6 39. Bxd5 cxd5 40. Rxd5 Rxd5
41. Rxd5 Bc2 42. Rb5 Bd3 43. Re5 Rc8 44. Re6 Rc5 45. h4 b5 46. Re3 Bf5 47. axb5
Rxb5 48. Rc3 Bb1 49. Ne6+ Kf7 50. Nd4 Rb4 51. Ne2 Bf5 52. Rc5 Be4 53. Rxa5 Rxb3
54. Ra1 Rb2 55. Nf4 Bf3 56. Nd3 Rb5 57. Re1 Kf6 58. Re3 Rb1+ 59. Re1 Rb5 60. Nf4
g5 61. hxg5+ Kxg5 62. Ne6+ Kg4 63. Nd4 Rb2 64. Nxf3 Kxf3 65. Re3+ Kg4 66. Kg2
Rc2 67. Re4+ Kf5 68. Ra4 Kg5 69. g4 Rc3 70. f3 Kh4 71. Ra2 Rb3 72. Kf2 Rc3 73.
Ra5 Rc2+ 74. Ke3 Rc3+ 75. Ke4 Rc4+ 76. Kd3 Rb4 77. Rh5+ Kg3 78. Rf5 Kh4 79. g5
Rb1 80. f4 Re1 81. Rf6 Kh5 82. g6 Kh6 83. f5 Kg7 84. Rf7+ Kg8 85. Kd4 Re2 86.
Ra7 Re1 87. f6 Rd1+ 88. Ke3 Rd8 89. Rg7+ Kf8 90. Rh7 1-0

[Event "40th Olympiad Women"]
[Site "Istanbul TUR"]
[Date "2012.09.09"]
[Round "11.11"]
[Board "3"]
[White "Brunello, Marina"]
[Black "Yanjindulam, Dulamsuren"]
[Result "1-0"]
[WhiteTitle "WIM"]
[BlackTitle "WIM"]
[WhiteElo "2239"]
[BlackElo "2232"]
[WhiteTeam "Italy"]
[BlackTeam "Mongolia"]
[WhiteFideId "822590"]
[BlackFideId "4900952"]
[EventDate "2012.08.28"]

1. e4 d6 2. d4 g6 3. Nc3 Bg7 4. Be3 a6 5. Qd2 Nd7 6. Nf3 b5 7. a4 b4 8. Ne2 c5
9. c3 Ngf6 10. Ng3 Rb8 11. Bd3 Qc7 12. O-O c4 13. Be2 h5 14. h4 a5 15. Ng5 Ng4
16. Bf4 e5 17. dxe5 Ndxe5 18. Rfd1 O-O 19. Qxd6 Qxd6 20. Rxd6 bxc3 21. bxc3 Rb3
22. f3 Nh6 23. Bd2 f6 24. Nh3 Nhf7 25. Rd5 Rb2 26. Nf1 f5 27. f4 Be6 28. Rxa5
fxe4 29. fxe5 e3 30. Bxe3 Bxh3 31. Bf3 Be6 32. Bd4 g5 33. Rb5 Rxb5 34. axb5 g4
35. Be4 Nxe5 36. b6 Nd7 37. b7 Nb8 38. Ra5 Bxd4+ 39. cxd4 c3 40. Rc5 Rd8 41.
Rxc3 Rxd4 42. Rc8+ Kf7 43. Rxb8 1-0

[Event "40th Olympiad Women"]
[Site "Istanbul TUR"]
[Date "2012.09.09"]
[Round "11.11"]
[Board "4"]
[White "Otgonjargal, Sengeravdan"]
[Black "De Rosa, Mariagrazia"]
[Result "1-0"]
[WhiteTitle "WFM"]
[BlackTitle "WFM"]
[WhiteElo "2146"]
[BlackElo "2087"]
[WhiteTeam "Mongolia"]
[BlackTeam "Italy"]
[WhiteFideId "4900790"]
[BlackFideId "815136"]
[EventDate "2012.08.28"]

1. e4 c5 2. Nf3 e6 3. d4 cxd4 4. Nxd4 a6 5. Nb3 Qc7 6. Bd3 Nf6 7. f4 d6 8. O-O
Nbd7 9. Qf3 b6 10. Nc3 Bb7 11. Bd2 Be7 12. Rae1 O-O 13. Qh3 g6 14. Kh1 Rfe8 15.
Nd4 Qc5 16. Nf3 Qh5 17. Qg3 Qg4 18. Qf2 Nh5 19. Ng5 Bxg5 20. fxg5 e5 21. Qxf7+
Kh8 22. Be2 Qe6 23. Qxe6 Rxe6 24. Rf7 Nc5 25. Bg4 Ree8 26. b4 Kg8 27. Rc7 Nxe4
28. Nxe4 Bxe4 29. Rxe4 Rf8 30. Kg1 Ng7 31. Re1 Nf5 32. Bxf5 gxf5 33. Rc6 Rac8
34. Rxb6 Rxc2 35. Rxd6 e4 36. a4 Ra2 37. Be3 f4 38. Bc5 e3 39. Rxa6 Rf5 40. Ra8+
Kg7 41. h4 Rd5 42. Bxe3 fxe3 43. Rxe3 Rdd2 44. Rg3 Rd4 45. h5 Rxb4 46. Ra7+ Kg8
47. Rc3 Rf4 48. Rc8+ Rf8 49. Rcc7 Rff2 50. Rc8+ Rf8 51. Rxf8+ Kxf8 52. Kh2 Kg8
53. Kh3 Kf8 54. g3 Kg8 55. Kg4 Rf2 56. a5 Kh8 57. h6 Kg8 58. a6 Ra2 59. Rg7+ Kh8
60. Rb7 Kg8 61. a7 Ra4+ 62. Kh5 1-0

[Event "40th Olympiad Women"]
[Site "Istanbul TUR"]
[Date "2012.09.09"]
[Round "11.12"]
[Board "1"]
[White "Salazar, Aura Cristina"]
[Black "Ordaz Valdes, Lisandra Teresa"]
[Result "0-1"]
[WhiteTitle "WFM"]
[BlackTitle "WGM"]
[WhiteElo "2228"]
[BlackElo "2344"]
[WhiteTeam "Colombia"]
[BlackTeam "Cuba"]
[WhiteFideId "4403312"]
[BlackFideId "3506940"]
[EventDate "2012.08.28"]

1. d4 Nf6 2. c4 e6 3. Nf3 d5 4. Nc3 Be7 5. Bg5 h6 6. Bxf6 Bxf6 7. Qc2 O-O 8.
O-O-O c5 9. dxc5 d4 10. Nxd4 Bxd4 11. Qe4 Nc6 12. e3 f5 13. Qf3 Qg5 14. h4 Bxe3+
15. Qxe3 Qxe3+ 16. fxe3 Ne5 17. Be2 Kf7 18. Rd6 Ke7 19. Rhd1 g5 20. hxg5 hxg5
21. Rh1 Bd7 22. Bf3 Rab8 23. Nb5 a6 24. Nc3 g4 25. Be2 Rh8 26. Rhd1 Bc6 27. Bf1
Rh2 28. R6d2 Nf7 29. g3 Rxd2 30. Rxd2 Rh8 31. Bd3 Ne5 32. Kc2 Rh3 33. Ne2 Bf3
34. Nf4 Rxg3 35. Rh2 Nf7 36. Kd2 Rg1 37. Ne2 g3 38. Rh7 Rg2 39. Ke1 Rh2 40. Rg7
Rh1+ 41. Kd2 g2 42. c6 bxc6 43. Nd4 Bg4 44. Ne2 Kf8 45. Rg6 Ne5 46. Rxe6 Nxd3 0-1

[Event "40th Olympiad Women"]
[Site "Istanbul TUR"]
[Date "2012.09.09"]
[Round "11.12"]
[Board "2"]
[White "Linares Napoles, Oleiny"]
[Black "Franco Valencia, Angela"]
[Result "1/2-1/2"]
[WhiteTitle "WGM"]
[BlackTitle "WFM"]
[WhiteElo "2355"]
[BlackElo "2170"]
[WhiteTeam "Cuba"]
[BlackTeam "Colombia"]
[WhiteFideId "3504794"]
[BlackFideId "4403070"]
[EventDate "2012.08.28"]

1. Nf3 d6 2. d4 f5 3. g3 Nf6 4. Bg2 g6 5. b4 Bg7 6. Bb2 O-O 7. O-O Ne4 8. Nbd2
c6 9. c4 Qe8 10. Nxe4 fxe4 11. Ng5 d5 12. cxd5 cxd5 13. Qb3 e6 14. f3 Qe7 15.
fxe4 Re8 16. Nf3 Nc6 17. b5 Na5 18. Qd3 Nc4 19. Bc1 Bd7 20. a4 Rf8 21. Bf4 a6
22. Ne5 Nxe5 23. dxe5 dxe4 24. Bxe4 axb5 25. axb5 Qc5+ 26. Be3 Qxb5 27. Rxa8
Rxa8 28. Rb1 Qxd3 29. exd3 Bxe5 30. Rxb7 Ra1+ 31. Kg2 Ra2+ 32. Kh3 Be8 33. d4
Bg7 34. Rb8 Kf7 35. Rb7+ Kg8 36. Rb8 Kf7 37. Rb7+ Kg8 38. d5 Re2 39. Rb8 Rxe3
40. Rxe8+ Kf7 41. Rxe6 Bd4 42. Kg4 Rc3 43. Ra6 Bc5 44. Kf4 Ke7 45. Ke5 Rc4 46.
Bd3 Bd4+ 47. Ke4 Rb4 48. d6+ Ke6 49. Rc6 Bc5+ 50. Kf3 Bxd6 1/2-1/2

[Event "40th Olympiad Women"]
[Site "Istanbul TUR"]
[Date "2012.09.09"]
[Round "11.12"]
[Board "3"]
[White "Franco Valencia, Beatriz Irene"]
[Black "Arribas Robaina, Maritza"]
[Result "1-0"]
[WhiteTitle "WFM"]
[BlackTitle "WGM"]
[WhiteElo "2253"]
[BlackElo "2296"]
[WhiteTeam "Colombia"]
[BlackTeam "Cuba"]
[WhiteFideId "4402618"]
[BlackFideId "3501418"]
[EventDate "2012.08.28"]

1. d4 e6 2. c4 Nf6 3. Nf3 Bb4+ 4. Bd2 a5 5. Qc2 d5 6. a3 Bxd2+ 7. Nbxd2 O-O 8.
e4 dxe4 9. Nxe4 Nc6 10. O-O-O Nxe4 11. Qxe4 f5 12. Qe3 Qf6 13. Bd3 a4 14. Bc2
Ra5 15. Rhe1 h6 16. Ne5 Nxe5 17. dxe5 Qe7 18. f4 b6 19. Qd4 Qc5 20. Kb1 Qc6 21.
g4 Rc5 22. gxf5 Rxc4 23. Qf2 exf5 24. Rg1 Qc5 25. Qg3 Qe7 26. Qg6 Kh8 27. Rd3
Bb7 28. Rdg3 Rf7 29. e6 Rf8 30. Qxg7+ Qxg7 31. Rxg7 Be4 32. e7 Bxc2+ 33. Ka1 Re8
34. Rg8+ Rxg8 35. Rxg8+ Kxg8 36. e8=Q+ Kg7 37. Qe7+ Kh8 38. Qf8+ 1-0

[Event "40th Olympiad Women"]
[Site "Istanbul TUR"]
[Date "2012.09.09"]
[Round "11.12"]
[Board "4"]
[White "Llaudy Pupo, Lisandra"]
[Black "Chirivi C, Jenny Astrid"]
[Result "1/2-1/2"]
[WhiteTitle "WIM"]
[BlackTitle "WIM"]
[WhiteElo "2264"]
[BlackElo "2212"]
[WhiteTeam "Cuba"]
[BlackTeam "Colombia"]
[WhiteFideId "3506487"]
[BlackFideId "4403061"]
[EventDate "2012.08.28"]

1. e4 c5 2. Nf3 e6 3. d4 cxd4 4. Nxd4 a6 5. c4 Nf6 6. Nc3 Qc7 7. a3 b6 8. Be3
Bb7 9. f3 Be7 10. Be2 O-O 11. Rc1 d6 12. O-O Nbd7 13. Qd2 Rac8 14. b4 Qb8 15.
Rc2 Rfe8 16. Rb1 Bf8 17. Kh1 Qa8 18. Na4 Rb8 19. Nb3 Bc6 20. Nb2 Rbc8 21. a4 Bb7
22. a5 d5 23. axb6 dxe4 24. f4 Red8 25. Qe1 Nd5 26. cxd5 Rxc2 27. dxe6 fxe6 28.
Nd4 Rxe2 29. Qxe2 Bd5 30. Na4 Rb8 31. Qg4 Nxb6 32. Nc3 Nc4 33. Nxd5 Qxd5 34. Bg1
Re8 35. b5 e3 36. Nc2 Qe4 37. Qe2 axb5 38. Rxb5 Qxf4 39. Nxe3 Nxe3 40. Qxe3 Qxe3
41. Bxe3 e5 42. Rb7 Re7 43. Rb8 Kf7 44. Kg1 Rc7 45. Rb5 Ke6 46. Kf2 Bd6 47. Kf3
Rc4 48. Ke2 e4 49. h3 Rc2+ 50. Kf1 Rc4 51. Ke2 Rb4 52. Ra5 Rb2+ 53. Kf1 g6 54.
Bd4 Rb4 55. Be3 h5 56. Ke2 Rb2+ 57. Kf1 Rb1+ 58. Ke2 Rb2+ 59. Kf1 Rb1+ 60. Ke2
Rb2+ 61. Kf1 Rb1+ 62. Ke2 Rb2+ 63. Kf1 1/2-1/2

[Event "40th Olympiad Women"]
[Site "Istanbul TUR"]
[Date "2012.09.09"]
[Round "11.13"]
[Board "1"]
[White "Dembo, Yelena"]
[Black "Medina, Warda Aulia"]
[Result "0-1"]
[WhiteTitle "IM"]
[BlackTitle "WFM"]
[WhiteElo "2457"]
[BlackElo "2218"]
[WhiteTeam "Greece"]
[BlackTeam "Indonesia"]
[WhiteFideId "723916"]
[BlackFideId "7101570"]
[EventDate "2012.08.28"]

1. e4 e6 2. d4 d5 3. Nd2 Nf6 4. e5 Nfd7 5. Bd3 c5 6. c3 Nc6 7. Ngf3 cxd4 8. cxd4
f6 9. exf6 Nxf6 10. O-O Bd6 11. b3 O-O 12. Bb2 g6 13. Ne5 Bxe5 14. dxe5 Nh5 15.
g3 Bd7 16. Qg4 Qa5 17. Nf3 Ng7 18. a3 Rac8 19. Kg2 Ne7 20. a4 Qb6 21. b4 a6 22.
Bd4 Qd8 23. Nh4 Nef5 24. Nxf5 exf5 25. Qe2 f4 26. f3 Ne6 27. Bf2 Ng5 28. gxf4
Bh3+ 29. Kh1 Bxf1 30. Rxf1 Ne6 31. Bb1 Rxf4 32. Be3 Rf7 33. f4 Kh8 34. Qg4 Qe7
35. Ba2 Rd8 36. Bd2 Qd7 37. Be3 Re8 38. Bb3 d4 39. Bd2 Rf5 40. Rf3 Qc6 41. Kg1
Qe4 42. Qg3 g5 0-1

[Event "40th Olympiad Women"]
[Site "Istanbul TUR"]
[Date "2012.09.09"]
[Round "11.13"]
[Board "3"]
[White "Fakhiridou, Ekaterini"]
[Black "Dewi, Aa Citra"]
[Result "0-1"]
[WhiteTitle "WIM"]
[BlackTitle "WFM"]
[WhiteElo "2215"]
[BlackElo "2143"]
[WhiteTeam "Greece"]
[BlackTeam "Indonesia"]
[WhiteFideId "4202848"]
[BlackFideId "7101244"]
[EventDate "2012.08.28"]

1. e4 c5 2. Nf3 e6 3. d4 cxd4 4. Nxd4 Nf6 5. Nc3 d6 6. Be2 a6 7. O-O Be7 8. f4
O-O 9. Kh1 Qc7 10. a4 Nc6 11. Be3 Bd7 12. Qe1 Nxd4 13. Bxd4 Bc6 14. Qg3 g6 15.
Qe3 Nd7 16. Rad1 Rac8 17. e5 d5 18. Rf3 Rfe8 19. Rh3 Bf8 20. Qf2 Bg7 21. Qh4 Nf8
22. Bd3 Qe7 23. Qf2 Nd7 24. Re1 Qb4 25. Nd1 Bxa4 26. c3 Qe7 27. b4 Bc6 28. Ne3
f5 29. exf6 Nxf6 30. Bc5 Qc7 31. Rf1 Rf8 32. Bxf8 Rxf8 33. Qe2 e5 34. fxe5 Qxe5
35. Nxd5 Nxd5 36. Rxf8+ Kxf8 37. Qxe5 Bxe5 38. Rxh7 Nf4 39. Bf1 Bxc3 40. Rh4 Nd5
41. Bd3 g5 42. Rg4 Nxb4 43. Be2 a5 44. Rxg5 a4 45. Ra5 Bb2 46. h4 a3 47. Bc4 b6
48. Rf5+ Ke7 49. h5 Kd6 50. h6 Bd5 51. Rxd5+ Nxd5 52. Kh2 Nb4 53. Kh3 a2 54.
Bxa2 Nxa2 55. Kg4 Ke6 56. Kh5 Nb4 57. g4 Nd5 58. h7 Nf6+ 0-1

[Event "40th Olympiad Women"]
[Site "Istanbul TUR"]
[Date "2012.09.09"]
[Round "11.14"]
[Board "1"]
[White "Exler, Veronika"]
[Black "Bojkovic, Natasa"]
[Result "0-1"]
[WhiteTitle "WFM"]
[BlackTitle "IM"]
[WhiteElo "2103"]
[BlackElo "2392"]
[WhiteTeam "Austria"]
[BlackTeam "Serbia"]
[WhiteFideId "1620550"]
[BlackFideId "908550"]
[EventDate "2012.08.28"]

1. d4 Nf6 2. c4 e6 3. g3 Bb4+ 4. Bd2 Be7 5. Bg2 d5 6. Nf3 c6 7. O-O O-O 8. Qc2
b6 9. Rd1 Nbd7 10. Bf4 Bb7 11. Nbd2 Nh5 12. Be3 f5 13. Nb3 Bd6 14. Ng5 Qe7 15.
f4 Nhf6 16. c5 Bc7 17. Bd2 bxc5 18. Nxc5 Nxc5 19. Bb4 Nfd7 20. Rac1 e5 21. e3 e4
22. dxc5 Ba6 23. Bf1 Bxf1 24. Kxf1 a5 25. Ba3 Nf6 26. Qa4 Qe8 27. Rc3 Ng4 28.
Kg2 Bd8 29. h3 Bxg5 30. hxg4 Bf6 31. Rb3 fxg4 32. Rb6 Rc8 33. Ra6 Bd8 34. b3 Qd7
35. Qxe4 Re8 36. Qd3 Qb7 37. Rh1 Re4 38. Bb2 Qe7 39. Bd4 Qb7 40. Qe2 Rc7 41.
Rxa5 Rxd4 42. exd4 Re7 43. Qd3 Re4 44. Ra4 Qe7 45. Kf2 g5 46. f5 Bc7 47. Rg1 h5
48. Ra6 h4 49. Rxc6 hxg3+ 50. Rxg3 Bxg3+ 51. Qxg3 Rf4+ 52. Kg1 Qe2 53. Rg6+ Kf7
54. Qg2 Qe1+ 55. Kh2 Qh4+ 56. Kg1 Qe1+ 57. Kh2 Rf2 58. c6 Rxg2+ 59. Kxg2 Qe2+
60. Kg1 g3 0-1

[Event "40th Olympiad Women"]
[Site "Istanbul TUR"]
[Date "2012.09.09"]
[Round "11.14"]
[Board "2"]
[White "Manakova, Maria"]
[Black "Kopinits, Anna-Christina"]
[Result "0-1"]
[WhiteTitle "WGM"]
[BlackTitle "WIM"]
[WhiteElo "2304"]
[BlackElo "2234"]
[WhiteTeam "Serbia"]
[BlackTeam "Austria"]
[WhiteFideId "927007"]
[BlackFideId "1614142"]
[EventDate "2012.08.28"]

1. d4 d5 2. Nf3 Nf6 3. c4 c6 4. Qc2 dxc4 5. Qxc4 Bg4 6. Nc3 Nbd7 7. e4 Bxf3 8.
gxf3 e5 9. Be3 exd4 10. Bxd4 Bd6 11. Rd1 Qe7 12. Bh3 Ne5 13. Qe2 Ng6 14. Be3 O-O
15. Kd2 Nf4 16. Qf1 Rfd8 17. Kc2 Be5 18. Rg1 Rxd1 19. Nxd1 Rd8 20. Nc3 Qb4 21.
a3 Qd6 22. Bf5 g6 23. Qc4 b5 24. Qc5 Qd3+ 25. Kb3 Bxc3 26. bxc3 Ne2 27. Rh1 gxf5
28. Qe5 Nd7 29. Rg1+ Nxg1 30. Qg3+ Kh8 31. Bd4+ f6 32. Qc7 Nc5+ 33. Bxc5 Qb1# 0-1

[Event "40th Olympiad Women"]
[Site "Istanbul TUR"]
[Date "2012.09.09"]
[Round "11.14"]
[Board "4"]
[White "Benderac, Ana"]
[Black "Newrkla, Katharina"]
[Result "0-1"]
[WhiteTitle "WGM"]
[BlackTitle "WFM"]
[WhiteElo "2266"]
[BlackElo "2165"]
[WhiteTeam "Serbia"]
[BlackTeam "Austria"]
[WhiteFideId "913464"]
[BlackFideId "1621629"]
[EventDate "2012.08.28"]

1. d4 d5 2. Bf4 Nf6 3. e3 c5 4. c3 Nc6 5. Bd3 a6 6. Nd2 Bg4 7. f3 Bh5 8. b4 cxd4
9. exd4 e6 10. Nb3 Nd7 11. Nc5 Bxc5 12. bxc5 e5 13. Bg3 O-O 14. Ne2 b6 15. cxb6
Qxb6 16. Qa4 Bg6 17. Rb1 Qc7 18. Bxg6 hxg6 19. O-O Nb6 20. Qd1 Nc4 21. dxe5 Ne3
22. e6 Qe7 23. Qa4 Nxf1 24. Qxc6 Nxg3 25. exf7+ Qxf7 26. hxg3 Rfc8 27. Qd6 Rd8
28. Qc6 Qe8 29. Qxe8+ Rxe8 30. Nf4 Rab8 31. Rd1 g5 32. Nh5 Rb2 33. Rxd5 Re1+ 34.
Kh2 g4 0-1

[Event "40th Olympiad Women"]
[Site "Istanbul TUR"]
[Date "2012.09.09"]
[Round "11.15"]
[Board "3"]
[White "Krivec, Jana"]
[Black "Berzina, Ilze"]
[Result "0-1"]
[WhiteTitle "WGM"]
[BlackTitle "WGM"]
[WhiteElo "2240"]
[BlackElo "2306"]
[WhiteTeam "Slovenia"]
[BlackTeam "Latvia"]
[WhiteFideId "14601982"]
[BlackFideId "11601345"]
[EventDate "2012.08.28"]

1. e4 e5 2. Nc3 Nf6 3. Bc4 Nc6 4. d3 h6 5. f4 Bb4 6. Nf3 d5 7. exd5 Nxd5 8. Bxd5
Qxd5 9. O-O Bxc3 10. bxc3 Bg4 11. Qe1 Bxf3 12. Rxf3 O-O-O 13. fxe5 Nxe5 14. Rf5
Nxd3 15. Qf1 Ne5 16. Be3 Rhe8 17. Bxa7 b6 18. Qa6+ Qb7 19. Qa4 Nc6 20. Bxb6 cxb6
21. Rb5 Re6 22. Rab1 Na7 23. R5b4 b5 24. Rc4+ Kb8 25. Qb4 Qb6+ 26. Rd4 Red6 27.
Kh1 Rxd4 28. cxd4 Qxd4 29. Qe1 f6 30. h3 Ka8 31. Qa5 Rc8 32. Rxb5 Qd1+ 33. Kh2
Qxc2 34. Rb3 Qc7+ 0-1

[Event "40th Olympiad Women"]
[Site "Istanbul TUR"]
[Date "2012.09.09"]
[Round "11.16"]
[Board "1"]
[White "Cmilyte, Viktorija"]
[Black "Hoang, Thanh Trang"]
[Result "1/2-1/2"]
[WhiteTitle "GM"]
[BlackTitle "GM"]
[WhiteElo "2520"]
[BlackElo "2464"]
[WhiteTeam "Lithuania"]
[BlackTeam "Hungary"]
[WhiteFideId "12801259"]
[BlackFideId "12400149"]
[EventDate "2012.08.28"]

1. d4 f5 2. g3 Nf6 3. Bg2 g6 4. Nf3 Bg7 5. O-O O-O 6. c4 d6 7. Nc3 Qe8 8. b3 e5
9. dxe5 dxe5 10. e4 Nc6 11. Nd5 Qd7 12. exf5 e4 13. Ng5 gxf5 14. Bf4 h6 15.
Nxf6+ Rxf6 16. Qxd7 Bxd7 17. Nh3 Rf7 18. Rad1 Ne5 19. f3 exf3 20. Bxf3 Nxf3+ 21.
Rxf3 Bc6 22. Re3 Kh7 23. Nf2 Re8 24. Rxe8 Bxe8 25. Nd3 Rd7 26. Re1 Bh5 27. Ne5
Rd1 28. Kf2 Rxe1 29. Kxe1 Bxe5 30. Bxe5 c6 31. Bb8 a6 32. Kd2 Bf3 33. Ke3 Be4
34. Kd4 Bb1 35. a3 Kg6 36. Bf4 h5 37. Kc5 Bc2 38. b4 Bb3 39. Kd4 Kf6 40. c5 Ke6
41. Bc7 Bd1 42. Bd8 Bb3 43. Ke3 Bd1 44. Kf4 Bb3 45. Kg5 Bd1 46. Kf4 1/2-1/2

[Event "40th Olympiad Women"]
[Site "Istanbul TUR"]
[Date "2012.09.09"]
[Round "11.16"]
[Board "2"]
[White "Gara, Ticia"]
[Black "Daulyte, Deimante"]
[Result "1-0"]
[WhiteTitle "WGM"]
[BlackTitle "WGM"]
[WhiteElo "2385"]
[BlackElo "2216"]
[WhiteTeam "Hungary"]
[BlackTeam "Lithuania"]
[WhiteFideId "717444"]
[BlackFideId "12802859"]
[EventDate "2012.08.28"]

1. e4 c5 2. Nf3 d6 3. d4 cxd4 4. Nxd4 Nf6 5. Nc3 g6 6. Be3 Bg7 7. f3 O-O 8. Qd2
Nc6 9. Bc4 Bd7 10. O-O-O Rb8 11. Bb3 Na5 12. h4 b5 13. Kb1 Nc4 14. Bxc4 bxc4 15.
Ka1 h5 16. Nde2 Qa5 17. Bd4 Rb4 18. a3 Rfb8 19. Na2 R4b5 20. Qxa5 Rxa5 21. Nac3
Bc6 22. Rhe1 e5 23. Be3 d5 24. exd5 Nxd5 25. Nxd5 Bxd5 26. Bd2 Ra6 27. Bc3 Be6
28. Ng3 f5 29. Ne2 Bf7 30. g3 Rab6 31. Rd2 e4 32. fxe4 fxe4 33. Nd4 e3 34. Rdd1
Re8 35. Ne2 Bxc3 36. Nxc3 Rf6 37. Ne2 Rf2 38. Rd6 Kg7 39. Kb1 Be6 40. Kc1 Bg4
41. Nd4 Rd2 42. Nb5 Re5 43. Nd4 Re4 44. Nb5 Re5 45. Nd4 a6 46. c3 Rd3 47. Nc6
Rc5 48. Nd4 Kh6 49. Rxa6 Re5 50. Kc2 e2 51. Rc6 Rd1 52. Rxe2 Bxe2 53. Nxe2 Rd3
54. Rxc4 Rxg3 55. Nxg3 1-0